טוען...

Pentacostalism : the world their parish

מידע ביבליוגרפי
מחבר ראשי: David Martin
פורמט: Printed Book
יצא לאור: London Blackwell 2002
נושאים:
LEADER 00586nam a22001811a 4500
020 |a 9780631231219  |c 0.00 
040 |a SSUS - Library - Kalady 
082 |a 270.82  |b DAV/P 
100 |a David Martin  
245 |a Pentacostalism : the world their parish  |h [Text] 
260 |a London  |b Blackwell  |c 2002 
300 |a 197p. 
600 |a Pentecostalism 
600 |a Religion 
852 |h 270.82  |i DAV/P  |p 041572  |9 0.00  |t 0 
942 |c BK 
999 |c 34058  |d 34058 
952 |0 0  |1 0  |4 0  |6 270_820000000000000_DAV_P  |7 0  |9 49499  |a SSUS  |b SSUS  |d 2015-01-08  |g 0.00  |o 270.82 DAV/P  |p 041572  |r 2015-01-08  |v 0.00  |w 2015-01-08  |y BK